000 005690000a22001810004500
003 MACL
005 20160330115643.0
008 160330b xxu||||| |||| 00| 0 eng d
040 _aMACL
_cMACL
041 _aHindi
082 _a080
100 _aसाेनी वेद प्रकाश
_947796
245 _aव्‍यक्तित्‍व विकास
260 _bसन्‍मार्ग साहित्‍य परिषद
_c2002
_aनई दिल्‍ली
350 _a175
650 _aEducation
_948834
942 _cHIN
_k080
_2ddc
999 _c11470
_d11470